Real and Complex Analysis (Record no. 2471)

MARC details
000 -LEADER
fixed length control field 00386nam a22001697a 4500
005 - DATE AND TIME OF LATEST TRANSACTION
control field 20180518112221.0
008 - FIXED-LENGTH DATA ELEMENTS--GENERAL INFORMATION
fixed length control field 160613b xxu||||| |||| 00| 0 eng d
020 ## - INTERNATIONAL STANDARD BOOK NUMBER
ISBN 978-0-07061987-6
041 ## - LANGUAGE CODE
Language code of text/sound track or separate title eng
082 ## - DEWEY DECIMAL CLASSIFICATION NUMBER
Item number 7116
Classification number 515
100 ## - MAIN ENTRY--AUTHOR NAME
Personal name Rubin W
245 ## - TITLE STATEMENT
Title Real and Complex Analysis
260 ## - PUBLICATION, DISTRIBUTION, ETC. (IMPRINT)
Name of publisher Mc Graw Hill
300 ## - PHYSICAL DESCRIPTION
Number of Pages 416
650 ## - SUBJECT ADDED ENTRY--TOPICAL TERM
Topical Term Management
942 ## - ADDED ENTRY ELEMENTS (KOHA)
Koha item type Books
Holdings
Lost status Damaged status Collection code Home library Shelving location Date acquired Cost, normal purchase price Full call number Accession Number Koha item type
    CS/IT JRU Library SHELF-57-E 13/06/2016 580.00 515 7116 Books
    CS/IT JRU Library SHELF-57-E 13/06/2016 580.00 515 7117 Books
    CS/IT JRU Library SHELF-57-E 13/06/2016 580.00 515 7118 Books
    CS/IT JRU Library SHELF-57-E 13/06/2016 580.00 515 7119 Books
    CS/IT JRU Library SHELF-57-E 13/06/2016 580.00 515 7120 Books